| 000 | 004430000a22001690004500 | ||
|---|---|---|---|
| 082 | _a338.5 SAL/SC | ||
| 100 |
_aSALVATORE, DOMINICK _fAuthor |
||
| 245 | _aMICROECONOMIC THEORY | ||
| 250 | _a3 | ||
| 260 | _aNEW DELHI, TATA McGRAW-HILL PUBLISHING COMPANY | ||
| 260 | _c2004 | ||
| 300 | _apages 364 | ||
| 650 | _aCONSUMER DEMAND THEORY | ||
| 650 | _aDEMAND,SUPPLY AND EQUILIBRIUM | ||
| 650 | _aMEASUREMENT OF ELASTICITIES | ||
| 942 | _cBK | ||
| 999 |
_c296523 _d296523 |
||